01457nam a22003374a 4500001001200000003000800012006001900020007001500039008004100054010001700095020001500112040002100127035002000148050002700168082001600195245020000211260005400411300002400465500011000489504004100599530004300640533015200683650003000835655002900865700002100894700002400915700002000939710001700959856012600976999001701102ebr10032472CaPaEBRm u cr cn|||||||||020129s2002 dcua sb 100 0 eng  z 2002101411 z0309082536 aCaPaEBRcCaPaEBR a(OCoLC)5336977314aRC88.9.T47bB54 2002eb04a363.3/222100aBiological threats and terrorismh[electronic resource] :bassessing the science and response capabilities : workshop summary /cStacey L. Knobler, Adel A.F. Mahmoud, and Leslie A. Pray, editors. aWashington, DC :bNational Academy Press,cc2002. axvi, 317 p. :bill. a"Based on a workshop of the Forum on Emerging Infections, Board on Global Health, Institute of Medicine." aIncludes bibliographical references. aAlso available via the World Wide Web. aElectronic reproduction.bPalo Alto, Calif. :cebrary,d2013.nAvailable via World Wide Web.nAccess may be limited to ebrary affiliated libraries. 0aBioterrorismvCongresses. 7aElectronic books.2local1 aKnobler, Stacey.1 aMahmoud, Adel A. F.1 aPray, Leslie A.2 aebrary, Inc.40uhttp://site.ebrary.com/lib/rucke/Doc?id=10032472zAn electronic book accessible through the World Wide Web; click to view c63102d63102